La Tunisie pour les touristes... - Facile - Statistiques

Statistiques générales
  • Ce quiz a été pris 265 fois
  • Le résultat moyen est 12 sur 20
Statistiques - réponses
Question Indice Réponses % Correct
Quelle est la langue officielle ? Arabe A
99%
Ce pays est plus grand que la France (oui/non) Non
86%
Le principal aéroport est T Tunis
85%
Quel pays a assuré le protectorat de celui-ci ? France
74%
Dans la capitale quel est le décalage horaire avec Paris ? (+ ou - et chiffre) ex - 10 ou + 3,5 - 1
73%
La religion majoritaire est Islam I
73%
Achats à faire 3/ Main de Fatma MATFA
70%
Quel est le régime du pays ? R République R
66%
Quelles sont les principaux lieux touristiques ? D Oasis de {Douz} ZOUD
65%
Achats à faire 1/ Eau de Rose SORE
63%
Achats à faire 4/ Fruits secs Dattes de {Tozeur} ETUZOR
58%
Quelles sont les principaux lieux touristiques ? T Oasis de {Tozeur} ZUTROE
58%
Quel est le climat local ? M Méditerranéen
54%
Quelle est la monnaie ? Dinar tunisien D
51%
Code sur les plaques minéralogiques TN
51%
Le suffixe internet est tn
51%
Quelles sont les principaux lieux touristiques ? C Ruines de {Carthage} EGTRACHA
49%
Achats à faire 2/ Tapis de Kairouan ANOAUIKR
45%
Quelles sont les principaux lieux touristiques ? S Village de {Sidi Bou Said} IOBIASSUIDD
45%
Quelles sont les principaux lieux touristiques ? D Site archéologique de {Dougga} GUDGAO
29%
Aucun quiz correspondant
Distribution des résultats
% des personnes avec chaque résultat
Percentile par nombre de réponses
Votre historique - résultats
Vous n’avez pas pris ce quiz